The Participation of women in Kenya society / (Record no. 3825)
[ view plain ]
| 000 -LEADER | |
|---|---|
| fixed length control field | 00791nam a22002292 4500 |
| 001 - CONTROL NUMBER | |
| control field | 0000018895 |
| 005 - DATE AND TIME OF LATEST TRANSACTION | |
| control field | 20151217145908.0 |
| 008 - FIXED-LENGTH DATA ELEMENTS--GENERAL INFORMATION | |
| fixed length control field | 100812s xx 000 0 eng d |
| 040 ## - CATALOGING SOURCE | |
| Original cataloging agency | KABU |
| Transcribing agency | KABU |
| 245 14 - TITLE STATEMENT | |
| Title | The Participation of women in Kenya society / |
| Statement of responsibility, etc. | editors, Achola Pala, Thelma Awori, Abigail Krystall. |
| 250 ## - EDITION STATEMENT | |
| Edition statement | 1st ed. |
| 260 ## - PUBLICATION, DISTRIBUTION, ETC. (IMPRINT) | |
| Place of publication, distribution, etc. | Nairobi : |
| Name of publisher, distributor, etc. | K. L. B., |
| Date of publication, distribution, etc. | 1978. |
| 300 ## - PHYSICAL DESCRIPTION | |
| Extent | 235 p. |
| 650 #0 - SUBJECT ADDED ENTRY--TOPICAL TERM | |
| Topical term or geographic name as entry element | Women in rural development |
| General subdivision | Congresses |
| Geographic subdivision | Kenya. |
| -- | 0000178354 |
| 650 #0 - SUBJECT ADDED ENTRY--TOPICAL TERM | |
| Topical term or geographic name as entry element | Women |
| General subdivision | Social conditions |
| -- | Congresses. |
| Geographic subdivision | Kenya. |
| -- | 0000178355 |
| 700 1# - ADDED ENTRY--PERSONAL NAME | |
| Personal name | Pala, Achola. |
| -- | 0000178356 |
| 700 1# - ADDED ENTRY--PERSONAL NAME | |
| Personal name | Awori, Thelma. |
| -- | 0000178357 |
| 700 1# - ADDED ENTRY--PERSONAL NAME | |
| Personal name | Krystall, Abigail. |
| -- | 0000178358 |
| 852 1# - LOCATION | |
| -- | p4130 KES |
| 908 ## - PUT COMMAND PARAMETER (RLIN) | |
| Put command parameter | 100812 |
| 950 ## - LOCAL HOLDINGS (RLIN) | |
| -- | 1 |
| Withdrawn status | Lost status | Source of classification or shelving scheme | Not for loan | Home library | Current library | Date acquired | Total Checkouts | Full call number | Barcode | Date last seen | Date last checked out | Price effective from | Koha item type |
|---|---|---|---|---|---|---|---|---|---|---|---|---|---|
| Library of Congress Classification | Kabarak, Main Campus | Kabarak, Main Campus | 17/12/2015 | 2 | HQ1796.5 .P37 1978 c. 3 | 026501 | 14/03/2017 | 23/02/2017 | 17/12/2015 | General Collection |